How I Met Your Mother Guest Stars - Statistics

General Stats
  • This quiz has been taken 254 times
  • The average score is 11 of 28
Answer Stats
Hint Initials Guest Star % Correct
'Oh, honey' KP Katy Perry
88%
Abby, Stella's receptionist BS Britney Spears
85%
Himself; Host of 'The Price Is Right' BB Bob Barker
80%
Herself; German-American model HK Heidi Klum
73%
Anita JL Jennifer Lopez
64%
Gael, who always finds beauty in the little things in life EI Enrique Iglesias
52%
Robin's Canadian companion AT Alan Thicke
51%
'Like A Surgeon' WA Weird Al
50%
Ted's terrible boss, Hammond Druthers BC Bryan Cranston
48%
Himself; He's everywhere in NYC MP Maury Povich
44%
Barney's half-brother WB Wayne Brady
43%
Robin Sparkles' best friend, Jessica Glitter NS Nicole Scherzinger
37%
Barney's personal tailor TG Tim Gunn
35%
Robin's younger sister, Katie LH Lucy Hale
34%
Simon, the first boyfriend of Robin Sparkles JVDB James Van Der Beek
30%
Kevin, Robin's psychiatrist, later boyfriend KP Kal Penn
28%
Zoey JM Jennifer Morrison
27%
Mother's roommate, Cindy RB Rachel Bilson
26%
Stella SC Sarah Chalke
25%
The Captain KM Kyle MacLachlan
21%
Victoria AW Ashley Williams
19%
Brad, Marshall's law school friend JM Joe Manganiello
18%
'You Just Got Slapped' BM Boyz II Men
17%
Himself; The 'old lady' MT Mike Tyson
17%
Gary Blauman TK Taran Killam
16%
Steve 'The Blitz' Henry JG Jorge Garcia
14%
Randy Wharmpess WF Will Forte
13%
Royce in 'The Wedding Bride' JG Judy Greer
12%
No matching quizzes found
Score Distribution
Percent of People with Each Score
Percentile by Number Answered
Your Score History
You have not taken this quiz